LEADER 01048nam0-2200337---450- 001 990009207250403321 005 20100719160211.0 010 $a978-90-272-5420-7 035 $a000920725 035 $aFED01000920725 035 $a(Aleph)000920725FED01 035 $a000920725 100 $a20100712d2008----km-y0itay50------ba 101 0 $aeng 102 $aNL 105 $a--------001yy 200 1 $aSpeech acts in the history of English$fedited by Andreas H. Jucker, Irma Taatvitsainen 210 $aAmsterdam ; Philadelphia$cJohn Benjamins Publishing Company$d2008 215 $aVIII, 318 p.$d25 cm 225 1 $aPragmatics and Beyond New Series 610 0 $aLingua inglese$aStoria 676 $a420.9 700 1$aJucker,$bAndreas H.$f<1957- >$0176829 701 1$aTaavitsainen,$bIrma$0291445 801 0$aIT$bUNINA$gRICA$2UNIMARC 901 $aBK 912 $a990009207250403321 952 $a420.9 JUC 1$bDip.fil.mod. 16902$fFLFBC 959 $aFLFBC 996 $aSpeech acts in the history of English$9777440 997 $aUNINA LEADER 01939aam 2200517I 450 001 9910711400203321 005 20151113033706.0 024 8 $aGOVPUB-C13-063139b69e0c44a1433c67b0b12ba642 035 $a(CKB)5470000002482024 035 $a(OCoLC)929068220 035 $a(EXLCZ)995470000002482024 100 $a20151113d2008 ua 0 101 0 $aeng 181 $2rdacontent 182 $2rdamedia 183 $2rdacarrier 200 10$aElectromagnetic airframe penetration measurements of a Beechraft Premier IA /$fChriss A. Grosvenor, D. G. Camell, Galen H. Koepke, David R. Novotny, Robert T. Johnk 210 1$aGaithersburg, MD :$cU.S. Dept. of Commerce, National Institute of Standards and Technology,$d2008. 215 $a1 online resource 225 1 $aNIST technical note ;$v1548 300 $a2008. 300 $aContributed record: Metadata reviewed, not verified. Some fields updated by batch processes. 300 $aTitle from PDF title page. 320 $aIncludes bibliographical references. 606 $aAirframes$xMeasurement 606 $aElectromagnetic measurements 606 $aShielding (Electricity)$xMeasurement 606 $aTime-domain analysis 615 0$aAirframes$xMeasurement. 615 0$aElectromagnetic measurements. 615 0$aShielding (Electricity)$xMeasurement. 615 0$aTime-domain analysis. 700 $aGrosvenor$b Chriss A$01392662 701 $aCamell$b Dennis G$01392663 701 $aGrosvenor$b Chriss A$01392662 701 $aJohnk$b Robert T$01387292 701 $aKoepke$b Galen H$01387654 701 $aNovotny$b David R$g(David Richard)$01392664 712 02$aUnited States.$bNational Bureau of Standards. 801 0$bNBS 801 1$bNBS 801 2$bGPO 906 $aBOOK 912 $a9910711400203321 996 $aElectromagnetic airframe penetration measurements of a Beechraft Premier IA$93515492 997 $aUNINA LEADER 02897oam 2200649I 450 001 9910783641503321 005 20200520144314.0 010 $a1-134-60049-6 010 $a1-134-60050-X 010 $a0-429-24218-2 010 $a1-280-13797-5 010 $a0-203-98662-8 024 7 $a10.4324/9780203986622 035 $a(CKB)1000000000247545 035 $a(EBL)235057 035 $a(OCoLC)252967041 035 $a(SSID)ssj0000096520 035 $a(PQKBManifestationID)11119512 035 $a(PQKBTitleCode)TC0000096520 035 $a(PQKBWorkID)10082073 035 $a(PQKB)11243652 035 $a(Au-PeEL)EBL235057 035 $a(CaPaEBR)ebr10101043 035 $a(CaONFJC)MIL13797 035 $a(MiAaPQ)EBC235057 035 $a(PPN)147506115 035 $a(EXLCZ)991000000000247545 100 $a20180331d2003 uy 0 101 0 $aeng 135 $aur|n|---||||| 181 $ctxt 182 $cc 183 $acr 200 10$aAccounting and emancipation $esome critical interventions /$fSonja Gallhofer and Jim Haslam 210 1$aLondon ;$aNew York :$cRoutledge,$d2003. 215 $a1 online resource (238 p.) 225 1 $aRoutledge studies in accounting ;$v3 300 $aDescription based upon print version of record. 311 $a1-138-96576-6 311 $a0-415-22014-9 320 $aIncludes bibliographical references (p. [190]-215) and index. 327 $aBook Cover; Title; Contents; Preface; Acknowledgements; Accounting and emancipation: developing and promoting an alignment; Jeremy Bentham, accountant: a radical vision of an emancipatory modern accounting; Accounting and emancipatory practice: the mobilising of accounting by socialist agitators of the late nineteenth century; Is social accounting the soul of justice? Towards a critical appreciation with emancipatory intent; Epilogue: accounting, emancipation and praxis today; Notes; Bibliography; Index 330 $aAccounting is a social practice: it should be evaluated in terms of its contribution to a notion of social well-being. In order to do this, this book elaborates a critique of contemporary accounting. The authors encourage those with a close interest in accounting to make the search for a more emancipatory and enabling accounting a core area of their interest. The book will stimulate debate and activity in the arenas of education, research, practice and policy-making. 410 0$aRoutledge studies in accounting ;$v3. 606 $aAccounting$xSocial aspects 615 0$aAccounting$xSocial aspects. 676 $a306.3 686 $a85.25$2bcl 700 $aGallhofer$b Sonja$f1960,$01465961 701 $aHaslam$b Jim$f1958-$0977808 801 0$bMiAaPQ 801 1$bMiAaPQ 801 2$bMiAaPQ 906 $aBOOK 912 $a9910783641503321 996 $aAccounting and emancipation$93676211 997 $aUNINA LEADER 02773nam 22006135 450 001 9910795064203321 005 20230814215634.0 010 $a0-8135-9514-2 010 $a1-78684-766-3 010 $a0-8135-9516-9 024 7 $a10.36019/9780813595160 035 $a(CKB)4340000000262099 035 $a(MiAaPQ)EBC5330802 035 $a(DE-B1597)526356 035 $a(OCoLC)1121054726 035 $a(DE-B1597)9780813595160 035 $a(EXLCZ)994340000000262099 100 $a20191221d2018 fg 101 0 $aeng 135 $aurcnu|||||||| 181 $ctxt$2rdacontent 182 $cc$2rdamedia 183 $acr$2rdacarrier 200 12$aA Short History of Film /$fWheeler Winston Dixon, Gwendolyn Audrey Foster 205 $aThird edition. 210 1$aNew Brunswick, NJ :$cRutgers University Press,$d[2018] 210 4$dİ2018 215 $a1 online resource (449 pages) 311 $a0-8135-9513-4 327 $tFrontmatter --$tContents --$tAcknowledgments --$tTimeline --$tOne. The Invention Of The Movies --$tTwo. The Birth Of An American Industry --$tThree. World Cinema: The Silent Era --$tFour. The Hollywood Studio System In The 1930S And 1940S --$tFive. International Cinema Through World War II --$tSix. Postwar Challenges To The Movies --$tSeven. World Cinema In The 1950S --$tEight. The 1960S Explosion --$tNine. World Cinema 1970 To The Present --$tTen. The New Hollywood --$tGlossary Of Film Terms --$tBibliography --$tIndex 330 $aWith more than 250 images, new information on international cinema-especially Polish, Chinese, Russian, Canadian, and Iranian filmmakers-an expanded section on African-American filmmakers, updated discussions of new works by major American directors, and a new section on the rise of comic book movies and computer generated special effects, this is the most up to date resource for film history courses in the twenty-first century. 606 $aMotion pictures$xHistory 606 $aMotion picture industry$xHistory 610 $ablack and white. 610 $acinema studies. 610 $acinema. 610 $acinematography. 610 $aclassic film. 610 $adirecting. 610 $adixon foster. 610 $afilm history. 610 $afilm studies. 610 $afilm. 615 0$aMotion pictures$xHistory. 615 0$aMotion picture industry$xHistory. 676 $a791.4309 700 $aDixon$b Wheeler W.$f1950-$4aut$4http://id.loc.gov/vocabulary/relators/aut.$01006109 702 $aFoster$b Gwendolyn Audrey$4aut$4http://id.loc.gov/vocabulary/relators/aut. 801 0$bDE-B1597 801 1$bDE-B1597 906 $aBOOK 912 $a9910795064203321 996 $aA Short History of Film$93853321 997 $aUNINA